00165nam a2200061Ia 4500008004100000100002100041245004100062120527s9999 xx 000 0 und d aGlein & Flescher aCertificate in management accpunting